| 000 | 01372pam a2200325 a 4500 | ||
|---|---|---|---|
| 001 | 4416918 | ||
| 003 | OSt | ||
| 005 | 20211124072615.0 | ||
| 008 | 931101s1994 cau b 001 0 eng | ||
| 010 | _a 93043163 | ||
| 020 | _a1555426433 | ||
| 040 |
_aMMU _cMMU _dMMU _beng |
||
| 050 | 0 | 0 |
_aLB2331 _b.C4543 1994 |
| 082 | 0 | 0 |
_a378.1/25 _220 |
| 245 | 0 | 0 |
_aChanging college classrooms : _bnew teaching and learning strategies for an increasingly complex world / _cDiane F. Halpern and associates ; foreword by Lee R. Kerschner and Jacquelyn Ann K. Kegley. |
| 250 | _a1st ed. | ||
| 260 |
_aSan Francisco : _bJossey-Bass, _cc1994. |
||
| 300 |
_axxix, 367 p. ; _c24 cm. |
||
| 440 | 4 | _aThe Jossey-Bass higher and adult education series | |
| 504 | _aIncludes bibliographical references and indexes. | ||
| 650 | 0 | _aCollege teaching. | |
| 650 | 0 | _aLearning. | |
| 700 | 1 | _aHalpern, Diane F. | |
| 856 | 4 | 2 |
_3Contributor biographical information _uhttp://www.loc.gov/catdir/bios/wiley043/93043163.html |
| 856 | 4 | 2 |
_3Publisher description _uhttp://www.loc.gov/catdir/description/wiley036/93043163.html |
| 856 | 4 |
_3Table of Contents _uhttp://www.loc.gov/catdir/toc/onix07/93043163.html |
|
| 906 |
_a7 _bcbc _corignew _d1 _eocip _f19 _gy-gencatlg |
||
| 942 |
_2lcc _cLOAN LOAN |
||
| 999 |
_c18332 _d18332 |
||